Bulgarian Historical Review

Gespeichert in:
Bibliographische Detailangaben
Format: Schriftenreihe
Sprache:Englisch
Veröffentlicht: Bulgaria Institute for Historical Research at the Bulgarian Academy of Sciences
Tags: Tag hinzufügen
Keine Tags, Fügen Sie das erste Tag hinzu!

MARC

LEADER 00000nas1a2200000 4500
001 0269998
005 20250701092131.7
022 |a 0204-8906 
041 0 |a eng 
044 |a BG 
245 1 0 |a Bulgarian Historical Review 
264 1 |a Bulgaria  |b Institute for Historical Research at the Bulgarian Academy of Sciences